000 00263nam a22001217a 4500
008 181009b xxu||||| |||| 00| 0 eng d
041 _aeng
080 _a610
100 _a4
101 _aSHM
245 _aChildren On Medication
_cGadow.K.D
942 _2udc
_cBK
999 _c49215
_d49215